000 00855nam a2200277Ia 4500
003 GCL
008 140319s9999 xx 000 0 ara d
040 _aGCL /
_cGCL
082 0 4 _aم
_b614.03
_bج م
100 1 _aجماعة من الاختصاصيين
245 1 0 _aموسوعة العائلة /
_cجماعة من الاختصاصيين
300 _a271 ص
490 _aموسوعة عالم الطبخ
_v0
650 0 4 _aالرعاية الصحية
650 0 4 _aالامراض
650 0 4 _aالصحة العامة
650 0 4 _aالغذاء
650 0 4 _aالحمل
650 0 4 _aالولادة
650 0 4 _aالامراض النفسية
650 0 4 _aالصحة الوقائية
650 0 4 _aالطفل
650 0 4 _aالصحة العامة - موسوعات
650 0 4 _aالمرأة - رعاية صحية
942 _2ddc
_cREF
999 _c59682
_d59682